书目信息 |
| 题名: |
奥林匹克内幕
|
|
| 作者: | 庞德 著 ;屠国元 , 马新强 , 汪碧辉 译 | |
| 分册: | ||
| 出版信息: | 长沙 湖南文艺出版社 2006 |
|
| 页数: | 266页 | |
| 开本: | 25cm | |
| 丛书名: | ||
| 单 册: | ||
| 中图分类: | G811.219 | |
| 科图分类: | ||
| 主题词: | 奥运会--史料 , 奥运会 | |
| 电子资源: | ||
| ISBN: | 7-5404-3806-1 | |
| 000 | 01389nam0 2200289 450 | |
| 001 | 1238067640 | |
| 005 | 20121016103451.96 | |
| 010 | @a7-5404-3806-1@dCNY32.80 | |
| 100 | @a20060518d2006 em y0chiy50 ea | |
| 101 | 1 | @achi@ceng |
| 102 | @aCN@b430000 | |
| 105 | @aa z 000yy | |
| 200 | 1 | @a奥林匹克内幕@Aao lin pi ke nei mu@e奥运会幕后的政治、丑闻和荣誉@dInside the Olympic@ea behind-the-scenes look at the politics, the scandals, and the glory of the gamess@f(加)理查德·W. 庞德(Richard W. Pound)著@g屠国元,马新强,汪碧辉译@zeng |
| 210 | @a长沙@c湖南文艺出版社@d2006 | |
| 215 | @a266页@c照片@d25cm | |
| 330 | @a本书生动地描述了奥运会电视转播权以及公司赞助的谈判过程,政治上的勾心斗角以及国际体坛幕后的种种阴谋诡计。并针对奥运会幕后的商业运作,内部人事,体育宗旨以及组织工作发表了作者独特的见解。 | |
| 510 | 1 | @aInside the Olympics@ea behind-the-scenes look at the politics, the scandals, and the glory of the games@zeng |
| 517 | 1 | @a奥运会幕后的政治、丑闻和荣誉@Aao yun hui man hou de zheng zhi、 chou wen he rong yu |
| 606 | 0 | @a奥运会@j史料 |
| 606 | 0 | @a奥运会 |
| 690 | @aG811.219@v4 | |
| 701 | 0 | @c(加)@a庞德@Apang de@c(Pound, Richard W.@f1942~)@4著 |
| 702 | 0 | @a屠国元@Atu guo yuan@f(1964~)@4译 |
| 702 | 0 | @a马新强@Ama xin qiang@f(1979~)@4译 |
| 702 | 0 | @a汪碧辉@Awang bi hui@c(女,@f1981~)@4译 |
| 801 | 0 | @aCN@bNLC@c20101222 |
| 905 | @a10447@dG811.219@eJY311 | |
| 奥林匹克内幕:奥运会幕后的政治、丑闻和荣誉=Inside the Olympic:a behind-the-scenes look at the politics, the scandals, and the glory of the gamess/(加)理查德·W. 庞德(Richard W. Pound)著/屠国元,马新强,汪碧辉译.-长沙:湖南文艺出版社,2006 |
| 266页:照片;25cm |
| ISBN 7-5404-3806-1:CNY32.80 |
| 本书生动地描述了奥运会电视转播权以及公司赞助的谈判过程,政治上的勾心斗角以及国际体坛幕后的种种阴谋诡计。并针对奥运会幕后的商业运作,内部人事,体育宗旨以及组织工作发表了作者独特的见解。 |
| ● |
| 相关链接 |
|
|
|
|
正题名:奥林匹克内幕
索取号:G811.219/JY311
 
预约/预借
| 序号 | 登录号 | 条形码 | 馆藏地/架位号 | 状态 | 备注 |
| 1 | 7828747 | 278287471 | 学院路分馆/ [索取号:G811.219/JY311] | 在馆 | |
| 2 | 7828748 | 278287480 | 学院路分馆/ [索取号:G811.219/JY311] | 在馆 |